000 00536nam a2200181Ia 4500
008 100917s9999 xx 000 0 und d
082 _b8242
100 _aटोळ दत्ता श्री.
245 _aअेका वेड्याने अेकदा
260 _b---
_c1968
300 _a80
365 _b2.75
520 _aकथा
630 _aअेका वेड्याने अेकदा
650 _aकथा
730 _aअेका वेड्याने अेकदा
942 _cBOOK
999 _c613636
_d613633